000 00349nam a22001577a 4500
005 20160629135141.0
008 160629b xxu||||| |||| 00| 0 eng d
041 _aeng
082 _b11039
100 _aBanerjee U. B. and AB
_93193
245 _aKadambari
260 _bSanskrit Books
300 _a102
650 _aManagement
_9241
942 _cBK
999 _c4690
_d4688